Jours fériés en France 🇫🇷 - Statistiques

Statistiques générales
  • Ce quiz a été pris 83 fois
  • Le résultat moyen est 9 sur 27
Statistiques - réponses
Jour férié Où ? Date si fixe % Correct
Noël France 25 décembre
91%
Armistice de 1918 France 11 novembre
86%
Fête du travail France 1er mai
80%
Fête nationale France 14 juillet
75%
Jour de l'an France 1er janvier
74%
Assomption France 15 août
70%
Lundi de Pentecôte France
68%
Toussaint France 1er novembre
67%
Jeudi de l'ascension France
62%
Lundi de Pâques France
55%
Victoire des alliés France 8 mai
29%
Vendredi Saint Alsace-Moselle
16%
Abolition de l'esclavage Guadeloupe 27 mai
9%
Abolition de l'esclavage Guyane 10 juin
9%
Abolition de l'esclavage Martinique 22 mai
9%
Abolition de l'esclavage Mayotte 27 avril
9%
Abolition de l'esclavage La Réunion 20 décembre
9%
Abolition de l'esclavage Saint-Barthélémy 9 octobre
9%
Abolition de l'esclavage Saint-Martin 28 mai
9%
Saint-Etienne Alsace-Moselle 26 décembre
9%
Jeudi mi-Carème Guadeloupe
7%
Saint Pierre Chanel Wallis-et-Futuna 28 avril
3%
Fête de la citoyenneté Nouvelle-Calédonie 24 septembre
1%
Fête Victor Schoelcher Guadeloupe & Martinique 21 juillet
1%
Arrivée de l'Evangile Polynésie Française 5 mars
0%
Fête de l'autonomie Polynésie française 29 juin
0%
Fête du territoire Wallis-et-Futuna 29 juillet
0%
Aucun quiz correspondant
Distribution des résultats
% des personnes avec chaque résultat
Percentile par nombre de réponses
Votre historique - résultats
Vous n’avez pas pris ce quiz